[Event "EUYCC 2025 - U12"]
[Site "?"]
[Date "2025.08.21"]
[Round "3.7"]
[White "Fei, Emie"]
[Black "Manouvel, Maelys"]
[Result "0-1"]
[BlackElo "1739"]
[WhiteElo "1557"]
[LiveChessVersion "1.4.8"]

1. e4 {[%clk 1:30:48]} c5 {[%clk 1:29:54]} 2. Nf3 {[%clk 1:30:39]} e6
{[%clk 1:29:14]} 3. c3 {[%clk 1:30:21]} Nf6 {[%clk 1:28:21]} 4. e5
{[%clk 1:28:42]} Nd5 {[%clk 1:27:48]} 5. d4 {[%clk 1:27:23]} cxd4
{[%clk 1:27:16]} 6. cxd4 {[%clk 1:26:06]} b6 {[%clk 1:26:00]} 7. Bd3
{[%clk 1:23:09]} Bb7 {[%clk 1:18:57]} 8. Bd2 {[%clk 1:15:21]} d6 {[%clk 1:14:48]}
9. O-O {[%clk 1:11:42]} Be7 {[%clk 1:10:19]} 10. Nc3 {[%clk 1:06:01]} O-O
{[%clk 1:02:58]} 11. Nxd5 {[%clk 1:02:41]} Bxd5 {[%clk 1:02:53]} 12. exd6
{[%clk 0:56:37]} Qxd6 {[%clk 0:52:23]} 13. Ne5 {[%clk 0:54:58]} g6
{[%clk 0:49:29]} 14. Bh6 {[%clk 0:53:42]} Rd8 {[%clk 0:46:58]} 15. Qg4
{[%clk 0:50:27]} f5 {[%clk 0:44:03]} 16. Qg3 {[%clk 0:48:48]} Bf8
{[%clk 0:42:40]} 17. Bf4 {[%clk 0:46:05]} Qb4 {[%clk 0:38:13]} 18. Bg5
{[%clk 0:37:10]} Rc8 {[%clk 0:33:58]} 19. Bf6 {[%clk 0:32:25]} Bg7
{[%clk 0:28:36]} 20. Bxg7 {[%clk 0:29:54]} Kxg7 {[%clk 0:27:36]} 21. Qg5
{[%clk 0:29:12]} Nc6 {[%clk 0:24:56]} 22. Nd7 {[%clk 0:27:04]} Qxd4
{[%clk 0:22:55]} 23. Bb5 {[%clk 0:26:15]} h6 {[%clk 0:21:18]} 24. Qe3
{[%clk 0:25:09]} Qxe3 {[%clk 0:18:41]} 25. fxe3 {[%clk 0:25:32]} Rd8
{[%clk 0:17:39]} 26. Bxc6 {[%clk 0:25:22]} Bxc6 {[%clk 0:18:08]} 27. Ne5
{[%clk 0:25:33]} Be4 {[%clk 0:17:29]} 28. Rfd1 {[%clk 0:25:06]} Bc2
{[%clk 0:16:33]} 29. Rxd8 {[%clk 0:25:06]} Rxd8 {[%clk 0:16:55]} 30. Rc1
{[%clk 0:25:07]} Rd2 {[%clk 0:15:51]} 31. Nf3 {[%clk 0:25:03]} Rd1+
{[%clk 0:16:05]} 32. Rxd1 {[%clk 0:25:28]} Bxd1 {[%clk 0:16:31]} 33. Nd4
{[%clk 0:25:33]} Kf6 {[%clk 0:15:59]} 34. b3 {[%clk 0:24:35]} e5 {[%clk 0:14:56]}
35. Nb5 {[%clk 0:24:31]} a5 {[%clk 0:14:45]} 36. Nd6 {[%clk 0:23:49]} Be2
{[%clk 0:14:08]} 37. Kf2 {[%clk 0:23:34]} Ba6 {[%clk 0:14:15]} 38. e4
{[%clk 0:22:18]} f4 {[%clk 0:13:51]} 39. Ne8+ {[%clk 0:21:51]} Ke7
{[%clk 0:13:56]} 40. Nc7 {[%clk 0:22:11]} Bb7 {[%clk 0:14:07]} 41. Kf3
{[%clk 0:21:46]} Bc6 {[%clk 0:13:04]} 42. Nd5+ {[%clk 0:21:29]} Bxd5
{[%clk 0:12:50]} 43. exd5 {[%clk 0:21:51]} Kd6 {[%clk 0:13:07]} 44. Ke4
{[%clk 0:22:15]} g5 {[%clk 0:12:54]} 45. h3 {[%clk 0:22:04]} h5 {[%clk 0:13:06]}
46. Kf5 {[%clk 0:22:04]} Kxd5 {[%clk 0:13:10]} 47. Kxg5 {[%clk 0:22:28]} Ke4
{[%clk 0:12:39]} 48. Kxh5 {[%clk 0:22:39]} Kf5 {[%clk 0:13:02]} 49. Kh4
{[%clk 0:22:37]} e4 {[%clk 0:12:40]} 50. g4+ {[%clk 0:22:52]} Kg6
{[%clk 0:12:51]} 51. g5 {[%clk 0:22:37]} e3 {[%clk 0:13:10]} 52. Kg4
{[%clk 0:22:57]} e2 {[%clk 0:13:32]} 53. h4 {[%clk 0:23:11]} e1=Q
{[%clk 0:13:48]} 54. h5+ {[%clk 0:23:35]} Kg7 {[%clk 0:13:56]} 55. Kf5 Qh4
{[%clk 0:13:24]} 56. h6+ {[%clk 0:23:45]} Kh7 {[%clk 0:13:21]} 0-1

[Event "EUYCC 2025 - U12"]
[Site "?"]
[Date "2025.08.21"]
[Round "3.8"]
[White "Kozusnik, Jan"]
[Black "Tanase, Andreea"]
[Result "1-0"]
[BlackElo "1516"]
[WhiteElo "1726"]
[LiveChessVersion "1.4.8"]

1. e4 {[%clk 1:30:58]} c5 {[%clk 1:30:56]} 2. Nf3 {[%clk 1:31:24]} d6
{[%clk 1:31:21]} 3. d4 {[%clk 1:31:51]} cxd4 {[%clk 1:31:49]} 4. Nxd4
{[%clk 1:32:14]} Nf6 {[%clk 1:32:14]} 5. Nc3 {[%clk 1:32:32]} a6 {[%clk 1:32:39]}
6. Bc4 {[%clk 1:30:49]} e6 {[%clk 1:32:58]} 7. Bb3 {[%clk 1:30:31]} b5
{[%clk 1:32:58]} 8. a3 {[%clk 1:29:59]} Bb7 {[%clk 1:33:14]} 9. f3
{[%clk 1:27:38]} Be7 {[%clk 1:33:32]} 10. Be3 {[%clk 1:26:54]} Qc7
{[%clk 1:30:23]} 11. Qd2 {[%clk 1:24:35]} O-O {[%clk 1:26:31]} 12. O-O
{[%clk 1:15:42]} Nbd7 {[%clk 1:18:23]} 13. a4 {[%clk 0:59:07]} b4
{[%clk 1:03:52]} 14. Nce2 {[%clk 0:54:21]} d5 {[%clk 0:58:14]} 15. exd5
{[%clk 0:50:07]} Nxd5 {[%clk 0:51:39]} 16. Bf2 {[%clk 0:37:21]} N7f6
{[%clk 0:40:28]} 17. Rfd1 {[%clk 0:19:13]} Qd7 {[%clk 0:32:34]} 18. Nf4
{[%clk 0:15:40]} Rfd8 {[%clk 0:24:31]} 19. Nxd5 {[%clk 0:15:07]} Nxd5
{[%clk 0:24:11]} 20. Qe1 {[%clk 0:14:07]} Qc8 {[%clk 0:19:21]} 21. Rac1
{[%clk 0:09:28]} Bd6 {[%clk 0:17:13]} 22. Ne2 {[%clk 0:03:07]} Qb8
{[%clk 0:17:03]} 23. Bg3 {[%clk 0:01:56]} Bc5+ {[%clk 0:13:14]} 24. Kh1
{[%clk 0:02:07]} Qa7 {[%clk 0:13:19]} 25. Bxd5 {[%clk 0:01:46]} Bxd5
{[%clk 0:13:15]} 26. c4 {[%clk 0:00:41]} bxc3 {[%clk 0:12:34]} 27. Qxc3
{[%clk 0:00:44]} Bf8 {[%clk 0:11:47]} 28. Nf4 {[%clk 0:00:33]} Qb7
{[%clk 0:10:24]} 29. Nxd5 {[%clk 0:00:35]} Rxd5 {[%clk 0:10:18]} 30. Rxd5
{[%clk 0:00:32]} Qxd5 {[%clk 0:10:38]} 31. Qc6 {[%clk 0:00:32]} Qd2
{[%clk 0:08:34]} 32. Qc3 {[%clk 0:00:34]} Qd8 {[%clk 0:08:02]} 33. h3
{[%clk 0:00:39]} Qb6 {[%clk 0:07:07]} 34. Bc7 Qb7 {[%clk 0:06:44]} 35. Bg3
{[%clk 0:00:52]} Qd7 {[%clk 0:06:20]} 36. Qc6 {[%clk 0:01:00]} Qd8
{[%clk 0:04:54]} 37. Qc7 {[%clk 0:00:51]} Qe8 {[%clk 0:04:38]} 38. Qb7
{[%clk 0:00:41]} a5 {[%clk 0:04:06]} 39. Qc6 {[%clk 0:00:45]} Qd8
{[%clk 0:03:56]} 40. Bc7 {[%clk 0:00:32]} Qc8 {[%clk 0:04:01]} 41. Bd6
{[%clk 0:00:35]} Qd8 {[%clk 0:03:32]} 42. Bxf8 {[%clk 0:00:37]} Qxf8 43. Qc5
{[%clk 0:00:42]} Qb8 {[%clk 0:03:24]} 44. Qc7 {[%clk 0:00:45]} Qf8
{[%clk 0:03:32]} 45. Rc5 {[%clk 0:00:38]} Rb8 {[%clk 0:03:11]} 46. Qxa5
{[%clk 0:00:33]} Rxb2 {[%clk 0:03:17]} 47. Qc3 {[%clk 0:01:00]} Rb1+
{[%clk 0:03:07]} 48. Kh2 {[%clk 0:01:27]} Qd6+ {[%clk 0:03:28]} 49. g3
{[%clk 0:01:11]} h6 {[%clk 0:03:39]} 50. Rc8+ {[%clk 0:01:34]} Kh7
{[%clk 0:04:00]} 51. Qc2+ {[%clk 0:01:48]} f5 {[%clk 0:04:04]} 52. Qxb1
{[%clk 0:01:59]} Qd2+ {[%clk 0:04:25]} 53. Kh1 {[%clk 0:02:01]} Qf2
{[%clk 0:04:24]} 54. Qg1 {[%clk 0:01:09]} Qxf3+ {[%clk 0:04:43]} 55. Kh2
{[%clk 0:00:37]} e5 {[%clk 0:04:04]} 56. Qg2 {[%clk 0:00:38]} Qd3
{[%clk 0:04:13]} 57. Rf8 {[%clk 0:00:32]} Qb1 {[%clk 0:02:17]} 58. Re8
{[%clk 0:00:34]} Qa1 {[%clk 0:01:26]} 59. Qf2 {[%clk 0:00:34]} f4
{[%clk 0:00:57]} 60. Qc2+ {[%clk 0:00:39]} 1-0

[Event "EUYCC 2025 - U12"]
[Site "?"]
[Date "2025.08.21"]
[Round "3.9"]
[White "Cibickova, Diana"]
[Black "Hrckova, Anna"]
[Result "0-1"]
[BlackElo "1705"]
[WhiteElo "1502"]
[LiveChessVersion "1.4.8"]

1. e4 {[%clk 1:30:51]} e6 {[%clk 1:30:57]} 2. d4 {[%clk 1:31:12]} d5
{[%clk 1:31:24]} 3. Nc3 {[%clk 1:31:00]} Bb4 {[%clk 1:31:48]} 4. a3
{[%clk 1:30:26]} Bxc3+ {[%clk 1:23:40]} 5. bxc3 {[%clk 1:30:49]} Ne7
{[%clk 1:07:39]} 6. Bd3 {[%clk 1:24:05]} c5 {[%clk 1:07:09]} 7. Be3
{[%clk 1:05:53]} c4 {[%clk 0:53:37]} 8. Be2 {[%clk 1:05:11]} Qc7 {[%clk 0:52:32]}
9. Bf3 {[%clk 0:53:46]} Nd7 {[%clk 0:51:05]} 10. Ne2 {[%clk 0:52:06]} dxe4
{[%clk 0:46:15]} 11. Bxe4 {[%clk 0:51:42]} Nf6 {[%clk 0:46:18]} 12. Bf3
{[%clk 0:51:48]} Ned5 {[%clk 0:46:13]} 13. Bd2 {[%clk 0:51:34]} Bd7
{[%clk 0:43:53]} 14. O-O {[%clk 0:45:02]} O-O {[%clk 0:43:56]} 15. Rb1
{[%clk 0:43:29]} Bc6 {[%clk 0:43:25]} 16. Bg5 {[%clk 0:40:50]} Rac8
{[%clk 0:39:29]} 17. Bxf6 {[%clk 0:40:50]} Nxf6 {[%clk 0:39:51]} 18. Bxc6
{[%clk 0:40:55]} Qxc6 19. Ng3 {[%clk 0:40:45]} b6 {[%clk 0:37:37]} 20. Qd2
{[%clk 0:39:25]} Qd6 {[%clk 0:36:40]} 21. Ra1 {[%clk 0:38:51]} Rfd8
{[%clk 0:35:39]} 22. Qe3 {[%clk 0:38:25]} Qc6 {[%clk 0:34:37]} 23. Rfd1
{[%clk 0:37:14]} Qa4 {[%clk 0:26:42]} 24. Rdc1 {[%clk 0:35:13]} Qa5
{[%clk 0:23:47]} 25. Ne2 {[%clk 0:34:36]} Qh5 {[%clk 0:21:05]} 26. h3
{[%clk 0:32:13]} Nd5 {[%clk 0:20:41]} 27. Qd2 {[%clk 0:30:53]} Qg6
{[%clk 0:18:09]} 28. Kf1 {[%clk 0:27:21]} Nf6 {[%clk 0:17:18]} 29. Ng3
{[%clk 0:26:32]} h5 {[%clk 0:13:44]} 30. Qe3 {[%clk 0:24:52]} h4 {[%clk 0:12:43]}
31. Ne2 {[%clk 0:25:12]} Qf5 {[%clk 0:11:58]} 32. Qf4 {[%clk 0:22:58]} Qxf4
{[%clk 0:10:46]} 33. Nxf4 {[%clk 0:23:22]} Ne4 {[%clk 0:11:07]} 34. Ne2
{[%clk 0:23:37]} f6 {[%clk 0:10:32]} 35. f3 {[%clk 0:23:34]} Ng5 {[%clk 0:10:19]}
36. Kf2 {[%clk 0:22:33]} Kf7 {[%clk 0:10:00]} 37. Re1 {[%clk 0:21:39]} e5
{[%clk 0:07:35]} 38. Rad1 {[%clk 0:21:06]} Rc7 {[%clk 0:04:09]} 39. Ng1
{[%clk 0:18:35]} Rcd7 {[%clk 0:04:25]} 40. Ne2 {[%clk 0:17:28]} Ne6
{[%clk 0:04:38]} 41. Ke3 {[%clk 0:16:58]} f5 {[%clk 0:04:16]} 42. Rd2
{[%clk 0:15:28]} f4+ {[%clk 0:04:38]} 43. Ke4 {[%clk 0:13:32]} Rd5
{[%clk 0:02:39]} 44. Kf5 {[%clk 0:10:16]} exd4+ {[%clk 0:02:54]} 0-1

[Event "EUYCC 2025 - U12"]
[Site "?"]
[Date "2025.08.21"]
[Round "3.10"]
[White "Guzdziol, Olaf"]
[Black "Slusarczyk, Agnieszka"]
[Result "1-0"]
[BlackElo "1702"]
[WhiteElo "1492"]
[LiveChessVersion "1.4.8"]

1. e4 {[%clk 1:30:57]} e5 {[%clk 1:30:52]} 2. Nf3 {[%clk 1:31:22]} Nc6
{[%clk 1:31:08]} 3. Bc4 {[%clk 1:31:45]} Nf6 {[%clk 1:31:31]} 4. d4
{[%clk 1:31:37]} exd4 {[%clk 1:31:30]} 5. O-O {[%clk 1:31:59]} d5
{[%clk 1:30:14]} 6. exd5 {[%clk 1:31:35]} Nxd5 {[%clk 1:29:19]} 7. Nxd4
{[%clk 1:30:57]} Nce7 {[%clk 1:14:49]} 8. Re1 {[%clk 1:28:23]} Nb6
{[%clk 1:12:11]} 9. Bb3 {[%clk 1:27:05]} g6 {[%clk 1:11:10]} 10. Qf3
{[%clk 1:25:32]} f5 {[%clk 1:06:58]} 11. Ne6 {[%clk 1:25:25]} Bxe6
{[%clk 1:00:19]} 12. Bxe6 {[%clk 1:25:49]} c6 {[%clk 0:57:24]} 13. Qc3
{[%clk 1:25:38]} Qd6 {[%clk 0:45:52]} 14. Qxh8 {[%clk 1:24:50]} Nd7
{[%clk 0:44:06]} 15. Bxd7+ {[%clk 1:23:57]} Qxd7 {[%clk 0:44:04]} 16. Bg5
{[%clk 1:23:01]} O-O-O {[%clk 0:43:49]} 17. Qe5 {[%clk 1:23:00]} h6
{[%clk 0:43:34]} 18. Bf4 {[%clk 1:22:04]} Qd6 {[%clk 0:38:57]} 19. Qxd6
{[%clk 1:22:25]} Rxd6 {[%clk 0:39:23]} 20. Bxd6 {[%clk 1:22:48]} Kd7
{[%clk 0:39:41]} 21. Bxe7 {[%clk 1:23:10]} Bxe7 {[%clk 0:40:06]} 22. Rxe7+
{[%clk 1:23:32]} Kxe7 {[%clk 0:40:31]} 23. Nc3 {[%clk 1:23:55]} Kd6
{[%clk 0:40:43]} 24. Rd1+ {[%clk 1:24:20]} Kc5 {[%clk 0:40:22]} 25. Rd7
{[%clk 1:24:36]} Kb6 {[%clk 0:40:30]} 26. Na4+ {[%clk 1:25:00]} Kb5
{[%clk 0:40:18]} 27. Rxb7+ {[%clk 1:25:24]} Kxa4 {[%clk 0:40:37]} 28. Rxa7+
{[%clk 1:25:14]} Kb4 {[%clk 0:41:01]} 29. a4 {[%clk 1:25:40]} g5 {[%clk 0:41:06]}
30. a5 {[%clk 1:26:05]} c5 {[%clk 0:41:00]} 31. a6 {[%clk 1:26:24]} c4
{[%clk 0:41:24]} 32. Rb7+ {[%clk 1:26:50]} Kc5 {[%clk 0:41:41]} 33. a7
{[%clk 1:27:15]} c3 {[%clk 0:41:41]} 34. a8=Q {[%clk 1:27:35]} cxb2
{[%clk 0:41:56]} 35. Qc8+ {[%clk 1:27:58]} Kd4 {[%clk 0:41:55]} 36. Rxb2
{[%clk 1:28:22]} 1-0

[Event "EUYCC 2025 - U12"]
[Site "?"]
[Date "2025.08.21"]
[Round "3.11"]
[White "Menkov, Ivan"]
[Black "Hamernikova, Iris"]
[Result "0-1"]
[BlackElo "1511"]
[WhiteElo "1657"]
[LiveChessVersion "1.4.8"]

1. e4 {[%clk 1:30:57]} e6 {[%clk 1:30:55]} 2. d4 {[%clk 1:31:22]} d5
{[%clk 1:31:17]} 3. Nc3 {[%clk 1:31:46]} Nf6 {[%clk 1:31:16]} 4. Bg5
{[%clk 1:32:10]} dxe4 {[%clk 1:30:56]} 5. Nxe4 {[%clk 1:32:22]} Nbd7
{[%clk 1:31:04]} 6. Nf3 {[%clk 1:32:32]} h6 {[%clk 1:30:30]} 7. Bxf6
{[%clk 1:32:52]} Nxf6 {[%clk 1:30:18]} 8. Nxf6+ {[%clk 1:33:12]} Qxf6
{[%clk 1:26:21]} 9. Bd3 {[%clk 1:33:25]} Bd6 {[%clk 1:25:32]} 10. Qe2
{[%clk 1:33:35]} Bd7 {[%clk 1:25:10]} 11. c3 {[%clk 1:33:47]} O-O
{[%clk 1:23:41]} 12. O-O {[%clk 1:28:21]} Bc6 {[%clk 1:00:50]} 13. Be4
{[%clk 1:28:22]} Bxe4 {[%clk 1:00:31]} 14. Qxe4 {[%clk 1:28:45]} Rab8
{[%clk 1:00:59]} 15. c4 {[%clk 1:27:56]} c5 {[%clk 0:52:13]} 16. Rad1
{[%clk 1:23:31]} cxd4 {[%clk 0:38:52]} 17. Nxd4 {[%clk 1:23:37]} Bc5
{[%clk 0:38:24]} 18. Nb3 {[%clk 1:23:29]} Bb6 {[%clk 0:30:39]} 19. Rd7
{[%clk 1:22:18]} Rfd8 {[%clk 0:30:29]} 20. Rxb7 {[%clk 1:22:35]} Rxb7
{[%clk 0:30:26]} 21. Qxb7 {[%clk 1:22:56]} Qxf2+ {[%clk 0:29:49]} 0-1

[Event "EUYCC 2025 - U12"]
[Site "?"]
[Date "2025.08.21"]
[Round "3.12"]
[White "Hroch, Pavel"]
[Black "Kroslakova, Michaela"]
[Result "1-0"]
[BlackElo "1655"]
[WhiteElo "1457"]
[LiveChessVersion "1.4.8"]

1. e4 {[%clk 1:30:54]} e6 {[%clk 1:30:47]} 2. d4 {[%clk 1:31:16]} d5
{[%clk 1:31:05]} 3. exd5 {[%clk 1:31:01]} exd5 {[%clk 1:31:25]} 4. Bd3
{[%clk 1:31:21]} Bd6 {[%clk 1:31:07]} 5. Nf3 {[%clk 1:31:05]} Ne7
{[%clk 1:30:38]} 6. O-O {[%clk 1:31:20]} O-O {[%clk 1:30:33]} 7. Bg5
{[%clk 1:30:13]} f6 {[%clk 1:30:10]} 8. Bh4 {[%clk 1:30:31]} Bf5 {[%clk 1:30:22]}
9. Bg3 {[%clk 1:30:33]} c6 {[%clk 1:24:53]} 10. Re1 {[%clk 1:28:52]} Bxd3
{[%clk 1:23:59]} 11. Qxd3 {[%clk 1:29:14]} Bxg3 {[%clk 1:23:16]} 12. hxg3
{[%clk 1:29:29]} Qd6 {[%clk 1:20:18]} 13. Nbd2 {[%clk 1:29:29]} Na6
{[%clk 1:18:48]} 14. c3 {[%clk 1:27:08]} Rfe8 {[%clk 1:17:13]} 15. Re3
{[%clk 1:27:19]} Ng6 {[%clk 1:14:05]} 16. Rae1 {[%clk 1:27:39]} Qd7
{[%clk 1:13:42]} 17. Qe2 {[%clk 1:25:55]} Kf7 {[%clk 1:12:23]} 18. Nb3
{[%clk 1:24:44]} Rxe3 {[%clk 1:12:01]} 19. Qxe3 {[%clk 1:24:45]} Re8
{[%clk 1:11:54]} 20. Qxe8+ {[%clk 1:24:02]} Qxe8 {[%clk 1:12:17]} 21. Rxe8
{[%clk 1:24:24]} Kxe8 {[%clk 1:12:43]} 22. Na5 {[%clk 1:24:36]} Kd7
{[%clk 1:08:42]} 23. Nxb7 {[%clk 1:23:53]} Kc7 {[%clk 1:09:03]} 24. Na5
{[%clk 1:23:52]} Kb6 {[%clk 1:09:10]} 25. Nb3 {[%clk 1:23:59]} Kb5
{[%clk 1:09:06]} 26. Nbd2 {[%clk 1:23:08]} c5 {[%clk 1:08:37]} 27. Kf1
{[%clk 1:20:26]} c4 {[%clk 1:08:36]} 28. b3 {[%clk 1:19:09]} cxb3
{[%clk 1:08:42]} 29. axb3 {[%clk 1:19:31]} Nc7 {[%clk 1:08:14]} 30. Nb1
{[%clk 1:19:25]} a6 {[%clk 1:07:11]} 31. Na3+ {[%clk 1:19:16]} Ka5
{[%clk 1:07:25]} 32. Ke2 {[%clk 1:19:22]} Nb5 {[%clk 1:06:58]} 33. Nxb5
{[%clk 1:19:25]} Kxb5 {[%clk 1:07:21]} 34. Kd3 {[%clk 1:19:28]} a5
{[%clk 1:07:00]} 35. Nd2 {[%clk 1:19:42]} a4 {[%clk 1:06:47]} 36. bxa4+
{[%clk 1:19:50]} Kxa4 {[%clk 1:07:11]} 37. c4 {[%clk 1:20:37]} dxc4+
{[%clk 1:06:07]} 38. Kxc4 {[%clk 1:20:15]} Ne7 {[%clk 1:05:45]} 39. d5
{[%clk 1:20:34]} Nxd5 {[%clk 1:05:33]} 40. Kxd5 {[%clk 1:20:59]} Kb4
{[%clk 1:06:00]} 41. Ne4 {[%clk 1:20:32]} Kb3 {[%clk 1:06:14]} 42. g4
{[%clk 1:19:52]} Kc2 {[%clk 1:06:27]} 43. Kd4 {[%clk 1:18:47]} Kd1
{[%clk 1:06:43]} 44. Ke3 {[%clk 1:18:59]} Ke1 {[%clk 1:07:03]} 45. Nd6
{[%clk 1:19:19]} g6 {[%clk 1:07:16]} 46. f4 {[%clk 1:19:01]} Kf1 {[%clk 1:07:37]}
47. Kf3 {[%clk 1:19:24]} h6 {[%clk 1:07:15]} 48. f5 {[%clk 1:19:05]} gxf5
{[%clk 1:07:19]} 49. gxf5 {[%clk 1:19:19]} h5 {[%clk 1:07:41]} 50. Ne4
{[%clk 1:19:09]} 1-0

[Event "EUYCC 2025 - U12"]
[Site "?"]
[Date "2025.08.21"]
[Round "3.13"]
[White "Flidr, Jan"]
[Black "Svabova, Klara"]
[Result "0-1"]
[BlackElo "1653"]
[WhiteElo "1431"]
[LiveChessVersion "1.4.8"]

1. e4 {[%clk 1:30:52]} e5 {[%clk 1:30:50]} 2. f4 {[%clk 1:31:09]} Bc5
{[%clk 1:31:07]} 3. Nf3 {[%clk 1:30:57]} d6 {[%clk 1:31:32]} 4. c3
{[%clk 1:27:30]} Bb6 {[%clk 1:31:52]} 5. d4 {[%clk 1:27:17]} exd4
{[%clk 1:32:01]} 6. cxd4 {[%clk 1:27:04]} Nf6 {[%clk 1:32:24]} 7. Nc3
{[%clk 1:27:07]} Bg4 {[%clk 1:30:58]} 8. h3 {[%clk 1:26:05]} Bxf3
{[%clk 1:30:50]} 9. Qxf3 {[%clk 1:22:26]} Nc6 {[%clk 1:19:03]} 10. Be3
{[%clk 1:16:51]} Bxd4 {[%clk 1:17:45]} 11. Bxd4 {[%clk 1:15:28]} Nxd4
{[%clk 1:17:45]} 12. Qf2 {[%clk 1:14:25]} Ne6 {[%clk 1:16:30]} 13. Bc4
{[%clk 1:11:27]} Qe7 {[%clk 1:12:21]} 14. O-O {[%clk 1:07:34]} O-O
{[%clk 1:09:29]} 15. Rae1 {[%clk 1:05:23]} Rfe8 {[%clk 1:06:18]} 16. Nd5
{[%clk 1:05:03]} Qd8 {[%clk 1:05:46]} 17. Nc3 {[%clk 1:03:11]} Nd7
{[%clk 1:03:01]} 18. b4 {[%clk 1:01:19]} Nb6 {[%clk 1:00:59]} 19. Bb3
{[%clk 0:54:49]} Qf6 {[%clk 0:59:09]} 20. Qe3 {[%clk 0:52:58]} Qd4
{[%clk 0:56:45]} 21. Qxd4 {[%clk 0:50:18]} Nxd4 {[%clk 0:57:11]} 22. Rd1
{[%clk 0:50:15]} Nxb3 {[%clk 0:57:17]} 23. axb3 {[%clk 0:50:30]} a6
{[%clk 0:57:13]} 24. g4 {[%clk 0:50:02]} Re7 {[%clk 0:56:20]} 25. Rde1
{[%clk 0:49:39]} Rae8 {[%clk 0:56:21]} 26. Kg2 {[%clk 0:49:35]} f6
{[%clk 0:56:20]} 27. Kg3 {[%clk 0:46:23]} d5 {[%clk 0:56:28]} 28. Kf3
{[%clk 0:42:05]} dxe4+ {[%clk 0:55:04]} 29. Rxe4 {[%clk 0:41:25]} Rxe4
{[%clk 0:55:26]} 30. Nxe4 {[%clk 0:41:34]} Nd5 {[%clk 0:55:34]} 31. Nc5
{[%clk 0:39:25]} Re3+ {[%clk 0:55:40]} 32. Kg2 {[%clk 0:39:19]} Nxb4
{[%clk 0:55:46]} 33. Nxb7 {[%clk 0:39:12]} Rxb3 {[%clk 0:55:49]} 34. Rf3
{[%clk 0:39:00]} Nd3 {[%clk 0:55:43]} 35. Rg3 {[%clk 0:37:32]} Nxf4+
{[%clk 0:55:33]} 36. Kf2 {[%clk 0:37:40]} Rxb7 {[%clk 0:55:55]} 0-1

[Event "EUYCC 2025 - U12"]
[Site "?"]
[Date "2025.08.21"]
[Round "3.15"]
[White "Rudys, Augustas"]
[Black "Salim, Florian"]
[Result "1-0"]
[BlackElo "1649"]
[WhiteElo "1555"]
[LiveChessVersion "1.4.8"]

1. e4 {[%clk 1:30:53]} c5 {[%clk 1:30:56]} 2. Nf3 {[%clk 1:31:12]} Nc6
{[%clk 1:31:19]} 3. d4 {[%clk 1:31:31]} cxd4 {[%clk 1:31:43]} 4. Nxd4
{[%clk 1:31:54]} Nf6 {[%clk 1:32:05]} 5. Nc3 {[%clk 1:31:46]} e5 {[%clk 1:32:25]}
6. Ndb5 {[%clk 1:32:06]} d6 {[%clk 1:32:42]} 7. Bg5 {[%clk 1:32:27]} a6
{[%clk 1:33:04]} 8. Na3 {[%clk 1:32:52]} b5 {[%clk 1:33:28]} 9. Nd5
{[%clk 1:32:52]} Be7 {[%clk 1:33:50]} 10. Bxf6 {[%clk 1:33:01]} Bxf6
{[%clk 1:34:05]} 11. c4 {[%clk 1:33:04]} b4 {[%clk 1:34:24]} 12. Nc2
{[%clk 1:33:23]} a5 {[%clk 1:34:37]} 13. Qf3 {[%clk 1:33:09]} Bg5
{[%clk 1:32:24]} 14. h4 {[%clk 1:32:22]} Bxh4 {[%clk 1:28:30]} 15. Rxh4
{[%clk 1:30:28]} Qxh4 {[%clk 1:16:12]} 16. Nc7+ {[%clk 1:28:36]} Kf8
{[%clk 1:15:58]} 17. Nxa8 {[%clk 1:28:42]} a4 {[%clk 1:13:44]} 18. Nb6
{[%clk 1:26:32]} Bg4 {[%clk 1:05:28]} 19. Qd3 {[%clk 1:23:32]} Qd8
{[%clk 1:04:15]} 20. Nxa4 {[%clk 1:21:44]} g6 {[%clk 1:01:27]} 21. f3
{[%clk 1:20:01]} Be6 {[%clk 1:01:00]} 22. O-O-O {[%clk 1:18:37]} Kg7
{[%clk 0:58:00]} 23. Kb1 {[%clk 1:17:46]} Qa5 {[%clk 0:56:22]} 24. b3
{[%clk 1:13:07]} h6 {[%clk 0:53:59]} 25. g3 {[%clk 1:12:13]} Rd8 {[%clk 0:52:15]}
26. f4 {[%clk 1:10:40]} f5 {[%clk 0:51:29]} 27. Bg2 {[%clk 1:09:24]} Kf7
{[%clk 0:40:08]} 28. exf5 {[%clk 1:07:02]} Bxf5 {[%clk 0:38:46]} 29. Qd5+
{[%clk 1:06:30]} Kg7 {[%clk 0:38:39]} 30. Qxc6 {[%clk 1:06:04]} exf4
{[%clk 0:37:37]} 31. gxf4 {[%clk 1:04:56]} Qa7 {[%clk 0:35:39]} 32. Qb7+
{[%clk 1:04:45]} Qxb7 {[%clk 0:35:40]} 33. Bxb7 {[%clk 1:05:09]} Re8
{[%clk 0:35:57]} 34. Rd2 {[%clk 1:04:52]} h5 {[%clk 0:35:57]} 35. Kb2
{[%clk 1:05:04]} h4 {[%clk 0:35:48]} 36. Bf3 {[%clk 1:04:38]} h3 {[%clk 0:35:56]}
37. Nxb4 {[%clk 1:02:29]} Be4 {[%clk 0:35:51]} 38. Bxe4 {[%clk 1:02:30]} Rxe4
{[%clk 0:36:16]} 39. Rh2 {[%clk 1:02:45]} Rxf4 {[%clk 0:36:12]} 40. Rxh3
{[%clk 1:03:02]} Rf2+ {[%clk 0:36:16]} 41. Nc2 {[%clk 1:03:20]} Rg2
{[%clk 0:36:33]} 42. b4 {[%clk 1:03:18]} 1-0

[Event "EUYCC 2025 - U12"]
[Site "?"]
[Date "2025.08.21"]
[Round "3.16"]
[White "Janovicek, Lukas"]
[Black "Nagy-Konya, Luca"]
[Result "1-0"]
[BlackElo "1526"]
[WhiteElo "1835"]
[LiveChessVersion "1.4.8"]

1. d4 {[%clk 1:30:50]} d5 {[%clk 1:30:49]} 2. c4 {[%clk 1:31:15]} e6
{[%clk 1:31:10]} 3. Nf3 {[%clk 1:31:38]} Nf6 {[%clk 1:31:28]} 4. g3
{[%clk 1:31:41]} Be7 {[%clk 1:31:43]} 5. Bg2 {[%clk 1:31:51]} O-O
{[%clk 1:31:58]} 6. Qc2 {[%clk 1:31:58]} Nbd7 {[%clk 1:31:49]} 7. O-O
{[%clk 1:32:05]} c5 {[%clk 1:28:29]} 8. Nbd2 {[%clk 1:22:55]} b6 {[%clk 1:19:10]}
9. e4 {[%clk 1:06:21]} dxe4 {[%clk 1:18:18]} 10. Nxe4 {[%clk 1:04:47]} Bb7
{[%clk 1:14:59]} 11. Nxf6+ {[%clk 0:58:37]} Nxf6 {[%clk 1:14:42]} 12. dxc5
{[%clk 0:56:37]} Bxc5 {[%clk 1:14:35]} 13. Bg5 {[%clk 0:55:16]} Be7
{[%clk 1:11:41]} 14. Rfe1 {[%clk 0:46:37]} Rc8 {[%clk 0:46:33]} 15. Qe2
{[%clk 0:39:41]} Qc7 {[%clk 0:39:18]} 16. b3 {[%clk 0:36:24]} Rfe8
{[%clk 0:35:51]} 17. Red1 {[%clk 0:32:27]} Ne4 {[%clk 0:33:53]} 18. Bd2
{[%clk 0:30:27]} Nxd2 19. Rxd2 {[%clk 0:29:27]} Bf6 {[%clk 0:31:54]} 20. Rad1
{[%clk 0:29:30]} Rcd8 {[%clk 0:31:12]} 21. Ne1 {[%clk 0:23:31]} Rxd2
{[%clk 0:31:14]} 22. Rxd2 {[%clk 0:23:33]} h6 {[%clk 0:29:16]} 23. Bxb7
{[%clk 0:21:47]} Qxb7 {[%clk 0:29:36]} 24. Qf3 {[%clk 0:21:17]} Qxf3
{[%clk 0:29:29]} 25. Nxf3 {[%clk 0:21:23]} Be7 {[%clk 0:28:55]} 26. Rd7
{[%clk 0:20:40]} a5 {[%clk 0:29:14]} 27. Rb7 {[%clk 0:19:25]} Bc5
{[%clk 0:29:33]} 28. Ne5 {[%clk 0:18:59]} Re7 {[%clk 0:29:11]} 29. Rxe7
{[%clk 0:16:31]} Bxe7 {[%clk 0:29:34]} 30. Kf1 {[%clk 0:15:26]} f6
{[%clk 0:29:35]} 31. Ng6 {[%clk 0:13:41]} Kf7 {[%clk 0:29:43]} 32. Nf4
{[%clk 0:13:47]} g5 {[%clk 0:29:29]} 33. Nd3 {[%clk 0:13:59]} e5 {[%clk 0:29:39]}
34. f3 {[%clk 0:13:47]} Ke6 {[%clk 0:29:42]} 35. g4 {[%clk 0:13:55]} f5
{[%clk 0:29:28]} 36. Nf2 {[%clk 0:10:33]} Bc5 {[%clk 0:29:36]} 37. Ke2
{[%clk 0:07:46]} fxg4 {[%clk 0:28:43]} 38. fxg4 {[%clk 0:07:44]} Bxf2
{[%clk 0:28:51]} 39. Kxf2 {[%clk 0:07:56]} Kf6 {[%clk 0:28:13]} 40. Ke3
{[%clk 0:08:09]} Kf7 {[%clk 0:28:19]} 41. Ke4 {[%clk 0:08:32]} Ke6
{[%clk 0:28:25]} 42. a3 {[%clk 0:08:42]} Kd6 {[%clk 0:28:43]} 43. Kf5
{[%clk 0:08:55]} Kc5 {[%clk 0:28:40]} 44. Kxe5 {[%clk 0:09:02]} b5
{[%clk 0:29:01]} 45. cxb5 {[%clk 0:09:17]} Kxb5 {[%clk 0:29:30]} 46. Kd5
{[%clk 0:09:09]} a4 {[%clk 0:29:36]} 47. b4 {[%clk 0:09:14]} 1-0